00534nam a2200169Ia 450000500170000000800410001702000150005808200130007310000150008624500610010126000410016230000170020350000290022094200060024995200940025599900150034920250310053345.0240331s9999 xx 000 0 und d a9555733848 bNASa821 aNasreen, T 0aThaslima Nasreenge kavi :b100 poems of Thaslima Nasreen aNugegodabSarasavi Publishersc2005  a 146 p ., aPoems Of Taslima Nasreen cL 001040708LaWERCLbWERCLcSSCd2024-03-31l0o 821 NASp897r2024-03-31w2024-03-31yL c5398d5398